Online reputačný manažment ako dôležitá súčasť podnikového manažmentu
Guardado en:
| Autor principal: | |
|---|---|
| Formato: | Capítulo de libro |
| Lenguaje: | inglés eslovaco |
| Materias: | |
| Etiquetas: |
Sin Etiquetas, Sea el primero en etiquetar este registro!
|
MARC
| LEADER | 00000nla a2200000 4500 | ||
|---|---|---|---|
| 001 | 0235716 | ||
| 005 | 20240502073819.0 | ||
| 041 | 0 | |a eng | |
| 041 | 0 | |a slo | |
| 044 | |a SK | ||
| 245 | 1 | 0 | |a Online reputačný manažment ako dôležitá súčasť podnikového manažmentu |c Vladimír Hojdik |
| 500 | |a Abstrakt | ||
| 610 | 2 | 0 | |a manažment |
| 610 | 2 | 0 | |a online reputačný manažment |
| 610 | 2 | 0 | |a riadenie podnikové |
| 610 | 2 | 0 | |a technológie informačné |
| 610 | 2 | 0 | |a technológie komunikačné |
| 610 | 2 | 0 | |a práca s verejnosťou |
| 100 | 1 | |a Hojdik, Vladimír, 1992- | |